000 00985cam a2200241 4500
001 WB3731-09
008 010816n2001 000 0 eng u
035 _a(Sirsi) u114169
245 _aDublin hit by global downturn
260 _c2001
490 _aEstates Gazette
_v(0132) 11 August 2001, 25(1)
520 _aLisney's latest survey of the Republic of Ireland's office market indicates a significant rise in Dublin's office vacancy rate to over 8% for the first half of 2001. Office take-up was down to 938,000 sq ft from 2.4m sq ft for 2000. Only three city centre schemes are due for completion before 2002.
590 _aWB
650 _aDUBLIN
650 _aREPUBLIC OF IRELAND
650 _aPROPERTY-COMMERCIAL PROPERTY-OFFICE PROPERTY-OFFICE PROPERTY MARKET
650 _aVACANCY RATE
650 _aOFFICE RENTS
650 _aCONSTRUCTION MARKET
650 _aGLOBAL ECONOMY
690 _aPROPERTY-COMMERCIAL PROPERTY-COMMERCIAL PROPERTY MARKET
942 _n0
999 _c68018
_d68018